000 00456cam a2200181ua 4500
001 2522
008 110824n ii |||gr||||Z||||||asm
040 _cMAIN
082 _a414.8
100 1 _aGoswami, Goluk Chandra,
245 1 _aDhvanivijnanar Bhumika
_cby Goluk Chandra Goswami
250 _a4th.
260 _aGuahati:
_bBina Library,992.
300 _a160p:
_bill;
_c23cm.
653 _aLinguistist
653 _aDhvanivijnanar Bhumika
942 _cBK
999 _c2375
_d2375